Dictionnaire des antiquités romaines et grecques (Record no. 163491)

MARC details
000 -LEADER
campo de control de longitud fija 01192nam a2200265 i 4500
001 - NÚMERO DE CONTROL
campo de control 163491
003 - IDENTIFICADOR DE NÚMERO DE CONTROL
campo de control ES-MaACL
005 - FECHA Y HORA DE LA ÚLTIMA TRANSACCIÓN
campo de control 20260130141737.0
008 - DATOS DE LONGITUD FIJA--INFORMACIÓN GENERAL
campo de control de longitud fija 010220s1883 fr a |||| | fre d
040 ## - FUENTE DE CATALOGACIÓN
Centro catalogador/agencia de origen CAM
Lengua de catalogación spa
Centro/agencia transcriptor CAM
100 1# - ENTRADA PRINCIPAL--NOMBRE DE PERSONA
Nombre de persona Rich, Anthony.
9 (RLIN) 131792
245 10 - MENCIÓN DEL TÍTULO
Título Dictionnaire des antiquités romaines et grecques
Resto del título : accompagné de 2.000 gravures d'après l'antique représentant tous les objets de divers usages d'art et d'industrie des Grecs et des Romains /
Mención de responsabilidad, etc. par Anthony Rich ; traduit de l'anglais sous la direction de Chéruel.
250 ## - MENCION DE EDICION
Mención de edición 3éme éd. rev., corr. et augm.
260 ## - PUBLICACIÓN, DISTRIBUCIÓN, ETC.
Lugar de publicación, distribución, etc. Paris :
Nombre del editor, distribuidor, etc. Librairie de Firmin-Didot et Cie,
Fecha de publicación, distribución, etc. 1883.
300 ## - DESCRIPCIÓN FÍSICA
Extensión XII, 740 p. :
Otras características físicas il. ;
Dimensiones 20 cm.
504 ## - NOTA DE BIBLIOGRAFÍA, ETC.
Nota de bibliografía, etc. Índice.
505 8# - NOTA DE CONTENIDO CON FORMATO
Nota de contenido con formato Incluye un vocabulario griego-latín: p. 717-730
597 ## - NOTA DE DESCRIPCIÓN FÍSICA
NOTA DE DESCRIPCIÓN FÍSICA Texto a dos columnas.
650 #4 - PUNTO DE ACCESO ADICIONAL DE MATERIA--TÉRMINO DE MATERIA
Término de materia o nombre geográfico como elemento de entrada Civilización clásica-
Subdivisión de forma Diccionarios.
9 (RLIN) 159368
650 #4 - PUNTO DE ACCESO ADICIONAL DE MATERIA--TÉRMINO DE MATERIA
Término de materia o nombre geográfico como elemento de entrada Restos arqueológicos griegos-
Subdivisión de forma Diccionarios.
9 (RLIN) 159369
650 #4 - PUNTO DE ACCESO ADICIONAL DE MATERIA--TÉRMINO DE MATERIA
Término de materia o nombre geográfico como elemento de entrada Restos arqueológicos romanos-
Subdivisión de forma Diccionarios.
9 (RLIN) 159370
700 1# - ENTRADA AGREGADA--NOMBRE PERSONAL
Nombre de persona Cheruel, Adolphe,
Fechas asociadas al nombre 1809-1891
9 (RLIN) 159360
852 ## - LOCALIZACIÓN
Ubicación ES-MaACL
Número de control de estantería C-1040
Nota libre -- Enc. hol.
-- -- Legado M. de la Fuente
Holdings
Estatus retirado Estado de pérdida Estado de daño No para préstamo Colección Biblioteca de origen Biblioteca actual Ubicación en estantería Fecha de adquisición Fuente de adquisición Total de préstamos Signatura topográfica completa Código de barras Visto por última vez Precio de reemplazo Tipo de ítem Koha
        Libros del s. XIX Biblioteca del Ateneo de Madrid Biblioteca del Ateneo de Madrid Sala Palomar 17/01/2008     C-1040 1171322 23/02/2023 23/02/2023 Libro impreso antiguo